Métiers de célébrités #3 - Statistiques

Statistiques générales
  • Ce quiz a été pris 272 fois
  • Le résultat moyen est 13 sur 20
Statistiques - réponses
Hint Réponse % Correct
Roger Federer, Novak Djokovic, Yannick Noah Tennisman
93%
Nagui, Jean-Luc Reichmann, Laurence Boccolini Animateur
91%
Christophe Colomb, Vasco de Gama, Fernand de Magellan Navigateur
89%
Platon, Confucius, Friedrich Nietzsche Philosophe
87%
Antoine Dupont, Sébastien Chabal, Jonah Lomu Rugbymen
87%
Joséphine Baker, Elsa Bois, Rudolf Noureev Danseur
85%
Auguste, Napoléon Bonaparte, Hirohito Empereur
84%
Jean-Yves Lafesse, Gad Elmaleh, Florence Foresti Humoriste
83%
John Cena, The Rock, Hulk Hogan Catcheur
77%
Jacques Audiard, Quentin Tarantino, Alfred Hitchcock Réalisateur
77%
Lionel Jospin, François Fillon, Winston Churchill Premier ministre
68%
Eddy Merckx, Tadej Pogacar, Lance Armstrong Cycliste
67%
Thomas Edison, Louis Braille, Guglielmo Marconi Inventeur
65%
Douglas MacArthur, Hannibal, Charles de Gaulle Général
57%
Kiraz, Hergé, Ron Cobb Dessinateur
55%
René Descartes, Carl Friedrich Gauss, Euclide Mathématicien
55%
Ambroise Paré, Hippocrate, René Laennec Médecin
53%
Adam Smith, John Maynard Keynes, Thomas Piketty Économiste
29%
John Bonham, Richard Kolinka, Keith Moon Batteur
17%
Gabrielle Russier, Anne Sullivan, Booker T. Washington Professeur
6%
Aucun quiz correspondant
Distribution des résultats
% des personnes avec chaque résultat
Percentile par nombre de réponses
Votre historique - résultats
Vous n’avez pas pris ce quiz